000 00430nam a2200169Ia 4500
008 230711s9999||||xx |||||||||||||| ||und||
041 _aENG
082 _a720
_bBH-C
100 _aVikram Bhatt
245 0 _aAfter the masters (Contemporary Indian Architecture)
250 _a1st Ed.
260 _c1990
_aNew Delhi
_bMapin Publishing Pvt.Ltd
300 _a221
650 _aArchitecture
700 _aPeter Scriver
942 _cBK
999 _c2161
_d2161